Les artistes du 16ème au 19ème siècle - Statistiques

Statistiques générales
  • Ce quiz a été pris 58 fois
  • Le résultat moyen est 11 sur 31
Statistiques - réponses
siècle Artiste % Correct
17ème Molière
76%
18ème Voltaire
76%
19ème Hugo
73%
18ème Rousseau
63%
19ème Zola
63%
18ème Diderot
61%
17ème Racine
51%
19ème Balzac
49%
17ème Corneille
49%
19ème Maupassant
45%
19ème Baudelaire
43%
19ème Verlaine
43%
16ème Montaigne
41%
18ème Montesquieu
41%
19ème Flaubert
39%
18ème Lamartine
31%
19ème Dumas
29%
19ème Sand
29%
17ème Descartes
27%
19ème Musset
27%
18ème Beaumarchais
20%
18ème Dalembert
20%
17ème Jean de la Fontaine
18%
19ème Proust
18%
19ème Verne
16%
18ème Marivaux
12%
16ème Joachim du bellay
6%
16ème Pierre de Ronsard
6%
17ème Abbé prévost
2%
18ème Duval
2%
16ème Louise Labé
2%
Aucun quiz correspondant
Distribution des résultats
% des personnes avec chaque résultat
Percentile par nombre de réponses
Votre historique - résultats
Vous n’avez pas pris ce quiz